| 000 | 00644nam a22001937a 4500 | ||
|---|---|---|---|
| 999 |
_c184284 _d184284 |
||
| 005 | 20220117144932.0 | ||
| 010 | _aENG-131182 | ||
| 020 |
_a978-93-5350-626-1 _c490.00 |
||
| 035 | _aEN-114714 | ||
| 037 | _bDBAD | ||
| 082 | _a005.8 | ||
| 100 | _aNelson, Bill | ||
| 245 |
_aGuide to Computer forensics and Investigations, 6e: _cBill Nelson, Amelia Phillipos, Chris Steuart |
||
| 250 | _a6th Edition | ||
| 260 |
_aDelhi _bCengage Learning India Private Limited _c2021 |
||
| 270 |
_bDelhi _aT-303, 3rd Floor, DAV Complex, Plot 3, Mayur Vihar Phase 1 _e110091 |
||
| 300 |
_a738p. _c25cm(pbk) |
||
| 942 |
_2ddc _cEN _h005.8 _mNEL |
||